Statistics for NBA Salary Quiz

Click here to take the quiz!

General Stats

  • This quiz has been taken 344 times
    (338 since last reset)
  • The average score is 14 of 15

Answer Stats

HintAnswer% Correct
Greg Monroe or Klay ThompsonMonroe
99%
Paul George or Kawhi LeonardGeorge
97%
Danilo Gallinari or Gordow HaywardHayward
97%
Paul Millsap or Kevin LoveLove
97%
Lamarcus Aldridge or Blake GriffinAldridge
96%
Bradley Beal or Jimmy ButlerBeal
96%
Mike Conley or Carmelo AnthonyConley
96%
Demarcus Cousins or Anthony DavisDavis
96%
Brook Lopez or Marc GasolGasol
96%
Ricky Rubio or Steph CurryRubio
96%
Chris Bosh or Dwayne WadeBosh
95%
Marcus Smart or Kris DunnDunn
95%
Bismack Biyombo or Draymond GreenBiyombo
94%
Kenneth Fareid or Amir JohnsonFareid
94%
Chris Paul or Damian LillardLillard
94%

Score Distribution

Percentile by Number Answered

Percent of People with Each Score

Your Score History

You have not taken this quiz since the last reset